• 首页
  • 本馆介绍
  • 公告通知
  • 最新文献
  • 馆藏检索
  • 电子资源
  • 读者导购
  • 参考咨询
  • 我的图书馆
  • 登录
  • 详细信息显示
  • 放入我的书架
  • 预约/预借图书
  • 作者相关作品
  • 分类相关作品
  • 丛书相关作品
  • 出版社相关作品

书目信息

  • 表格格式
  • 工作单格式
  • 卡片格式
题名:
现代创意办公空间
    
 
作者: ;李青云 , 邱凌云 译 ;高迪国际出版公司 编
分册: Ⅲ  
出版信息: 大连   大连理工大学出版社  2014
页数: 352页
开本: 32cm
丛书名:
单 册:
中图分类: TU243-64
科图分类:
主题词: 办公室--室内装饰设计--世界--图集
电子资源:
ISBN: 978-7-5611-9144-6
000 00883nam0 2200253 450
001 0103330850
005 20150122092846.0
010    @a978-7-5611-9144-6@b精装@dCNY348.00
100    @a20141127d2014 em y0chiy0120 ea
101 2  @achi@aeng@ceng
102    @aCN@b210000
105    @aa z 000yy
106    @ar
200 1  @a现代创意办公空间@9Xian Dai Chuang Yi Ban Gong Kong Jian @f高迪国际出版有限公司编@g李青云,邱凌云译@hⅢ@b专著@dCreative & modern office@hⅢ@zeng
210    @a大连@c大连理工大学出版社@d2014
215    @a352页@d32cm
510 1  @aCreative & modern office@hⅢ@zeng
606 0  @a办公室@x室内装饰设计@y世界@j图集
690    @aTU243-64@v5
702  0 @a李青云@4译@9li qing yun
702  0 @a邱凌云@4译@9qiu ling yun
711 02 @a高迪国际出版公司@4编@9gao di guo ji chu ban gong si
801  0 @aCN@bAZmarc@c20230906
905    @aBZT@dTU243@e14:3@f5@sTU243/14:3
    
    现代创意办公空间/高迪国际出版有限公司编/李青云,邱凌云译.Ⅲ=Creative & modern office.Ⅲ.-大连:大连理工大学出版社,2014
    352页;32cm
    
    
    ISBN 978-7-5611-9144-6(精装):CNY348.00
    
●
相关链接 在五车中查询图书 在当当中查询图书 在豆瓣中查询图书


正题名:现代创意办公空间     索取号:TU243/14:3         预约/预借

序号 登录号 条形码 馆藏地/架位号 状态 备注
1 2000012801   2000012801   旧书回溯/ [索取号:TU243/14:3] 在馆    
2 2000012802   2000012802   旧书回溯/ [索取号:TU243/14:3] 在馆    
3 2000012803   2000012803   旧书回溯/ [索取号:TU243/14:3] 在馆    
4 2000012804   2000012804   旧书回溯/ [索取号:TU243/14:3] 在馆    
5 2000012805   2000012805   旧书回溯/ [索取号:TU243/14:3] 在馆    
山东省滨州职业学院图书馆 欢迎您!
大连网信软件有限公司© 版权所有